000 00670cam a2200253 4500
008 090401t1991 xxu||||| |||| 00| 0 eng d
020 _a0750613300
035 _a(Sirsi) u12164
041 _aeng
050 _a658.404091
100 _aBennett, John
245 _aInternational construction project management: general theory and practice.
260 _aOxford
_bButterworth-Heinemann Ltd.
_c1991
300 _axi,387p. : ill. ; 24cm.
350 _a50
650 _aEUROPE
650 _aFRANCE
650 _aGERMANY
650 _aJAPAN
650 _aUNITED STATES OF AMERICA
690 _aProject management
_96261
942 _n0
948 _c04/03/1997
999 _c86954
_d86954